Statistics for Stanley Cup Droughts

Click here to take the quiz!

General Stats

  • This quiz has been taken 27 times
  • The average score is 24 of 32

Answer Stats

Last WinLast AppearanceTeam Name% Correct
19671967Toronto Maple Leafs
96%
Never (est. 2021)NeverSeattle Kraken
83%
Never (est. 1970)2011Vancouver Canucks
83%
20112019Boston Bruins
79%
Never (est. 1970)1999Buffalo Sabres
79%
19892004Calgary Flames
79%
19902006Edmonton Oilers
79%
19831984New York Islanders
79%
19752010Philadelphia Flyers
79%
20172017Pittsburgh Penguins
79%
20192019St. Louis Blues
79%
20212022Tampa Bay Lightning
79%
20232023Vegas Golden Knights
79%
20182018Washington Capitals
79%
20152015Chicago Blackhawks
75%
20222022Colorado Avalanche
75%
Never (est. 1993)2023Florida Panthers
75%
20142014Los Angeles Kings
75%
Never (est. 1991)2016San Jose Sharks
75%
20072007Anaheim Ducks
71%
20062006Carolina Hurricanes
71%
19992020Dallas Stars
71%
20082009Detroit Red Wings
71%
19932021Montreal Canadiens
71%
Never (est. 1998)2017Nashville Predators
71%
20032012New Jersey Devils
71%
Never (est. 1992)2007Ottawa Senators
71%
Never (est. 1979)NeverArizona Coyotes
67%
Never (est. 2000)NeverColumbus Blue Jackets
67%
Never (est. 2000)NeverMinnesota Wild
67%
19942014New York Rangers
67%
Never (est. 1999)NeverWinnipeg Jets
67%

Score Distribution

Percentile by Number Answered

Percent of People with Each Score

Your Score History

You have not taken this quiz